000 00655nam a2200217Ia 4500
005 20250508164106.0
008 008 250505s9999 xx 000 0 eng d
020 _a8176485012
037 _aReference
040 _aFEDL
_beng
_cFEDL
041 _aeng
_2eng
084 _a370, NAT/RR
_qFEDL
100 _aTilak Jandhyala B C Ed.
_9777292
245 0 _aEducation, society and development
245 0 _cNIEPA
260 _aNew Delhi, India
_bA P H Publishing Corporation
_c2003
300 _axviii,668p.
546 _aCommemorative publication of the fortieth year of NIEPA
942 _cREF
_h370, NAT/RR
999 _c1387013
_d1387013